000 00463nam a22001577a 4500
005 20150731152126.0
008 150731b xxu||||| |||| 00| 0 eng d
020 _a969415023X
040 _cPK-LaUMT
082 _aKHC 306.095491
_bYUS-P
100 _aYusuf Abbasi, Muhammad
245 _aPakistan Cultre:
_ba profile
_cMuhammad Yusuf Abbasi
260 _aIslamabad
_bNational Institute of historical and cultural research
_c1992
300 _a454 p.
942 _cBK
999 _c73491
_d73491